| 000 | 01229namaa22002651 4500 | ||
|---|---|---|---|
| 001 | 173769 | ||
| 003 | ES-MaACL | ||
| 005 | 20250824090223.0 | ||
| 007 | t| | ||
| 008 | 100118s1874 sp || |||| ||spa d | ||
| 040 |
_aSpMaBN _bspa _cA2 _dSpMaBN _erdc |
||
| 080 | _a78.089.1 | ||
| 100 | 1 |
_aLiern, Rafael María. _972253 |
|
| 245 | 1 | 3 |
_aEl testamento azul _b: zarzuela en tres actos / _cletra de Amalfi [seud.] ; música, la del acto primero del Mtro. Barbieri, la del segundo del Mtro. Oudrid, y la del trecero del Mtro. Aceves. |
| 260 |
_aMadrid : _b[s.n.], _c1874 ( _fImp. de Gabriel Alhambra) |
||
| 300 |
_a55 p. ; _c20 cm. |
||
| 500 | _aEn la port.: "Representada con gran aplauso en el teatro de los Jardines del Buen Retiro, la noche del 20 de julio de 1874" | ||
| 500 | _aSolo la letra. | ||
| 594 | _aPrecede al tít.: Biblioteca dramática. | ||
| 700 | 1 |
_aBarbieri, Francisco A., _d1823-1894 _925463 |
|
| 700 | 1 |
_aAceves, Rafael. _9125537 |
|
| 700 | 0 |
_aOudrid, Cristóbal. _987969 |
|
| 852 |
_aES-MaACL _jB-8603(9).- _zEnc. pasta española.- _q.- Falto de la cub. original.- _z.- Enc. en un vol. facticio formando parte de la col. facticia "Teatro español moderno", vol. 56 |
||
| 999 |
_c173769 _d173769 |
||